Komparatívna statika firmy v prostredí dokonalej konkurencie

Salvato in:
Dettagli Bibliografici
Autore principale: Mikušová, Nora, 1978-
Natura: Capitolo di libro
Lingua:slovacco
Tags: Aggiungi Tag
Nessun Tag, puoi essere il primo ad aggiungerne!!

MARC

LEADER 00000nla$a2200000$$$4500
001 0065027
005 20240502071751.9
041 0 |a slo 
044 |a SK 
245 1 0 |a Komparatívna statika firmy v prostredí dokonalej konkurencie  |c Nora Mikušová 
100 1 |a Mikušová, Nora, 1978-